Statistiques concernant Pokémon ayant un total de base stats entre 350 et 404

Cliquez ici pour prendre le quiz!

Statistiques générales

  • Ce quiz a été pris 4 fois
  • Le résultat moyen est 20 sur 70

Statistiques - réponses

Total Pokémon % Correct
400Kadabra
75%
395Ortide
75%
400Rosélia
75%
370Ponchien
50%
395Charmillon
50%
365Nidorino
50%
365Nidorina
50%
362Ptyranidur
50%
362Amagara
50%
395Papilusion
50%
395Sorboul
50%
390Goinfrex
50%
390Boustiflor
50%
395Porygon
50%
390Coxyclaque
50%
377Canarticho
50%
360Ramboum
50%
385Papinox
50%
363Luxio
50%
355Lilia
50%
355Anorith
50%
355Carapagos
50%
350Kranidos
50%
401Arkéapti
50%
350Dinoclier
50%
355Amonita
50%
355Kabuto
50%
390Gravalanch
25%
390Gravalanch d'Alola
25%
360Pyronille
25%
380Ténéfix
25%
385Onix
25%
385Têtarte
25%
360Scobolide
25%
400Cosmovum
25%
350Caninos
25%
400Migalos
25%
400Delcatty
25%
380Mysdibule
25%
365Magby
25%
395Dardargnan
25%
400Wailmer
25%
365Lainergie
25%
360Spinda
25%
360Élekid
25%
400Chrysapile
25%
360Capumain
25%
375Tarinor
25%
390Géolithe
0%
390Yanma
0%
371Floette
0%
355Piclairon
0%
358Colombeau
0%
369Hélionceau
0%
355Psystigri
0%
351Escroco
0%
350Cabriolaine
0%
350Kungfouine
0%
350Furaiglon
0%
370Vostourno
0%
370Méios
0%
384Mélokrik
0%
385Tiboudet
0%
385Excelangue
0%
384Batracné
0%
382Braisillon
0%
370Mélancolux
0%
350Laporeille
0%
380Couverdure
0%
390Mesmérella
0%

Distribution des résultats

Percentile by Number Answered

% des personnes avec chaque résultat

Votre développement - résultats

Vous n’avez pas pris ce quiz